Diversi a chi? /
Che sia nato con disabilità o che lo sia diventato, che l'handicap sia fisico o mentale, visibile o no, che veda o possa solo percepire suoni, nulla può togliere a un bambino la voglia di ridere, essere felice, innamorarsi, fare sciocchezze, lamentarsi ... E soprattutto avere amici. L'albo racconta...
Guardat en:
| Autor principal: | |
|---|---|
| Altres autors: | , |
| Format: | Llibre |
| Idioma: | italià |
| Publicat: |
Cagli :
Settenove,
2022
|
| Col·lecció: | Albi illustrati e cartonati
|
| Matèries: | |
| Etiquetes: |
Sense etiquetes, Sigues el primer a etiquetar aquest registre!
|
MARC
| LEADER | 00000nam a22000007i 4500 | ||
|---|---|---|---|
| 001 | IT\ICCU\UBO\4659167 | ||
| 003 | ItRI | ||
| 005 | 20260115232208.0 | ||
| 008 | 221031s2022 it |||||| |||||1|||||c | ||
| 020 | |a 9788898947881 | ||
| 040 | |b ita |c importazione bologna sebina | ||
| 041 | 7 | |a ita |2 ISO-639-2 | |
| 082 | |a 305.908083 |9 GRUPPI DI PERSONE. PERSONE CON MENOMAZIONI E MALATTIE, PERSONE SUPERDOTATE. Il soggetto riferito ai bambini |2 23 | ||
| 100 | 1 | |a Cantais, Claire |0 IT\ICCU\RMBV\207061 |4 ill | |
| 240 | 1 | 0 | |a On n'est pas si différents |3 IT\ICCU\UBO\4659170 |9 Cantais, Claire |
| 245 | 1 | 0 | |a Diversi a chi? / |c Claire Cantais, Sandra Kollender ; traduzione di Guia Risari. |
| 260 | |a Cagli : |b Settenove, |c 2022 | ||
| 300 | |a [44] p. : |b ill. ; |c 22 cm | ||
| 520 | |a Che sia nato con disabilità o che lo sia diventato, che l'handicap sia fisico o mentale, visibile o no, che veda o possa solo percepire suoni, nulla può togliere a un bambino la voglia di ridere, essere felice, innamorarsi, fare sciocchezze, lamentarsi ... E soprattutto avere amici. L'albo racconta serie di simpatici incontri tra bambini con disabilità e bambini normodotati in cui i primi si presentano senza fronzoli, con l'evidenza delle loro fragilità e sottolineando, allo stesso tempo, gli aspetti meno raccontati che accomunano tutte e tutti. Un albo di grande successo in Francia, dove non ci sono sentimentalismi, pietismo o paura, ma solo bambini che possono imparare a conoscersi, scoprire il mondo altrui e vivere meglio insieme. | ||
| 650 | 7 | |a Disabilità | |
| 700 | 1 | |a Kollender, Sandra |0 IT\ICCU\UBOV\077478 |4 aut | |
| 700 | 1 | |a Risari, Guia |0 IT\ICCU\MILV\215288 |4 trl | |
| 830 | 0 | |a Albi illustrati e cartonati |0 IT\ICCU\UBO\4379629 | |
| 942 | |2 ddc |c BK |n 0 | ||
| 952 | |0 0 |1 0 |4 0 |6 R_362_400000000000000_CAN |7 0 |9 21752 |a BO |b BO |d 2026-01-15 |i 20383 |l 0 |o R 362.4 CAN |p BO20383 |r 2026-01-15 23:22:08 |w 2026-01-15 |x [Sebina 5] [1 v.] |y BK |z 1 v. | ||
| 999 | |c 18585 |d 18585 | ||